Online Catalogue and eLibrary

Sanhuda satahan (Record no. 5245)

MARC details
000 -LEADER
fixed length control field 00378nam a2200157Ia 4500
005 - DATE AND TIME OF LATEST TRANSACTION
control field 20250521025652.0
008 - FIXED-LENGTH DATA ELEMENTS--GENERAL INFORMATION
fixed length control field 240331s9999 xx 000 0 und d
020 ## - INTERNATIONAL STANDARD BOOK NUMBER
ISBN 9789555736336
082 ## - DDC Classification
Item Number - Author Mark GAL
Class No. 302
100 ## - MAIN ENTRY--PERSONAL NAME
Personal name Galappathththi,B
245 #0 - TITLE STATEMENT
Title Sanhuda satahan
260 ## - PUBLICATION, DISTRIBUTION, ETC.
Place of publication, distribution, etc. Colombo
Name of publisher, distributor, etc. University Press
Date of publication, distribution, etc. 2007
300 ## - PHYSICAL DESCRIPTION
Extent (e.g. Volumes, Pages etc.) 150 p .,
650 ## - SUBJECT ADDED ENTRY--TOPICAL TERM
Topical term or geographic name entry element Cirtical Essays
942 ## - Koha item type (Biblio)
Koha item type Books in Stacks (Lending)
Holdings
Lost status Damaged status Collection code Home library Current library Shelving location Date acquired Full call number Accession Number Item type
    Lending WERC Library WERC Library Social Science Cupboard 03/31/2024 302.23 GAL 6043 Books in Stacks (Lending)

© WERC Library